Nigeria academy of management journal (Record no. 38517)

MARC details
000 -LEADER
fixed length control field 00500nam a2200169Ia 4500
022 ## - INTERNATIONAL STANDARD SERIAL NUMBER
ISSN 20064667
050 ## - CALL MARK
Classification number HD 70.N43.N54/
245 #0 - TITLE STATEMENT
Title Nigeria academy of management journal
260 ## - PUBLICATION, DISTRIBUTION, ETC. (IMPRINT)
Place of publication Benin, Nigeria
260 ## - PUBLICATION, DISTRIBUTION, ETC. (IMPRINT)
Name of publisher Mindex press Ltd.
260 ## - PUBLICATION, DISTRIBUTION, ETC. (IMPRINT)
Year of publication 2014
300 ## - PHYSICAL DESCRIPTION
Number of Pages iii, 60 p. : ill. ; 30 cm.
650 ## - SUBJECT ADDED ENTRY--TOPICAL TERM
Topical Term Industrial management--Nigeria--Periodicals. Entrepreneurship--Nigeria--Periodicals.
942 ## - ADDED ENTRY ELEMENTS (KOHA)
Koha item type Serials

No items available.